Animals of Terraria - Statistics

General Stats
  • This quiz has been taken 16 times
    8 since last reset
  • The average score is 35 of 61
Answer Stats
Answer % Correct
Butterfly
100%
Goldfish
100%
Turtle
100%
Worm
100%
Bird
86%
Bunny
86%
Duck
86%
Ladybug
86%
Mouse
86%
Owl
86%
Rat
86%
Snail
86%
Squirrel
86%
Bee
71%
Blue Jay
71%
Cardinal
71%
Cat
71%
Dog
71%
Firefly
71%
Frog
71%
Grasshopper
71%
Penguin
71%
Seagull
71%
Shark
71%
Squid
71%
Toucan
71%
Bat
57%
Beetle
57%
Crab
57%
Dolphin
57%
Dragonfly
57%
Grebe
57%
Hornet
57%
Jellyfish
57%
Lightning Bug
57%
Maggot
57%
Scorpion
57%
Seahorse
57%
Slug
57%
Water Strider
57%
Wolf
57%
Macaw
43%
Parrot
43%
Piranha
43%
Pupfish
43%
Red Squirrel
43%
Sea Snail
43%
Sea Turtle
43%
Spider
43%
Vulture
43%
Antlion
29%
Cockatiel
29%
Moth
29%
Raven
29%
Anglerfish
14%
Arapaima
14%
Flying Fish
14%
Flying Fox
14%
Coral
0%
Crawdad
0%
Salamander
0%
No matching quizzes found
Score Distribution
Percent of People with Each Score
Percentile by Number Answered
Your Score History
You have not taken this quiz since the last reset